Normal view
MARC view
- FIELD, SAMUAL:WEILL, A DUDLLY
Entry Personal Name
001 - CONTROL NUMBER
- control field: 73369
003 - CONTROL NUMBER IDENTIFIER
- control field: NUST
005 - DATE AND TIME OF LATEST TRANSACTION
- control field: 20210628205017.0
008 - FIXED-LENGTH DATA ELEMENTS
- fixed length control field: 210628|| aca||aabn | a|a d
040 ## - CATALOGING SOURCE
- Original cataloging agency: NUST
- Transcribing agency: NUST
100 ## - HEADING--PERSONAL NAME
- Personal name: FIELD, SAMUAL:WEILL, A DUDLLY
670 ## - SOURCE DATA FOUND
- Source citation: Work cat.: (NUST): FIELD, SAMUAL:WEILL, A DUDLLY, ELECTRO-PLATING:A SERVEY OF MODERN PRACTICE INCLUDING THE ANALYSIS OF SOLUTIONS, 1951
